| 000 | 00639cam a22002053a 4500 | ||
|---|---|---|---|
| 001 | 42553 | ||
| 003 | PGUSA | ||
| 005 | 20140828083949.0 | ||
| 008 | 130416s2013||||xxu|||||s|||||000 | eng d | ||
| 040 |
_aPGUSA _beng |
||
| 042 | _adc | ||
| 100 | 1 |
_aThoreau, Henry David, _d1817-1862 |
|
| 245 | 1 | 0 |
_aExcursions and Poems : _bThe Writings of Henry David Thoreau, Volume V (of 20) _h[electronic resource] / _cHenry David Thoreau |
| 260 |
_bProject Gutenberg, _c2013 |
||
| 506 | _aPublic domain in the USA. | ||
| 516 | _aElectronic text | ||
| 830 | 0 |
_aProject Gutenberg _v42553 |
|
| 856 | 4 | 0 | _uhttp://www.gutenberg.org/ebooks/42553 |
| 942 | _cEB | ||
| 999 |
_c271805 _d271805 |
||